000 00674nam a2200229Ia 4500
005 20260429112115.0
008 260429s9999||||xx |||||||||||||| ||und||
020 _a9781032782423
041 _aEnglish
082 _a620.5
_bMOH
100 _aMohanta, Yugal Kishore
245 0 _aMicrobial nanotechnology for sustainable future :
_bindustrial and environmental perspectives /
_cYugal Kishore Mohanta
250 _a1st ed.
260 _aBoca Raton :
_bCRC Press,
_c2026.
300 _axiv, 267 p.; hb
650 _a Microbial
650 _a Nanotechnology
650 _aSustainable
700 _a Bhuyan, Tamanna
700 _a Mishra, Bishwambhar
942 _cTB
999 _c52387
_d52387